Normal view
MARC view
Entry Personal Name
001 - CONTROL NUMBER
- control field: 15757
003 - CONTROL NUMBER IDENTIFIER
- control field: BD-RjUL
005 - DATE AND TIME OF LATEST TRANSACTION
- control field: 20250624144655.0
008 - FIXED-LENGTH DATA ELEMENTS
- fixed length control field: 250624|| aca||aabn | a|a d
040 ## - CATALOGING SOURCE
- Original cataloging agency: BD-RjUL
- Transcribing agency: BD-RjUL
100 ## - HEADING--PERSONAL NAME
- Personal name: علی ، سید امجد ;; Ali, Syed Amjad
670 ## - SOURCE DATA FOUND
- Source citation: Work cat.: (BD-RjUL)85046: علی ، سید امجد ;; Ali, Syed Amjad, حيات انيس ;; Hayat Anis /